Seminario Internacional: Selección y uso de portainjertos y nuevas variedades de Palto
Gorde:
| Erakunde egilea: | |
|---|---|
| Formatua: | Liburua |
| Hizkuntza: | gaztelania |
| Argitaratua: |
Quillota
Universidad Católica de Valparaíso. Facultad de Agronomía
2002
|
| Gaiak: | |
| Etiketak: |
Etiketa erantsi
Etiketarik gabe, Izan zaitez lehena erregistro honi etiketa jartzen!
|
MARC
| LEADER | 00000nam a2200000 a 4500 | ||
|---|---|---|---|
| 001 | UCG2052 | ||
| 003 | CL-VaPUC | ||
| 005 | 20201104222552.0 | ||
| 008 | 100610e20020000cl 1 spa d | ||
| 082 | 0 | 4 | |a 634.653 |b UNI |2 21 |
| 110 | 2 | |a Universidad Católica de Valparaíso |e author |9 621635 | |
| 245 | 1 | 0 | |a Seminario Internacional: Selección y uso de portainjertos y nuevas variedades de Palto |
| 260 | |a Quillota |b Universidad Católica de Valparaíso. Facultad de Agronomía |c 2002 | ||
| 300 | |a 113 p | ||
| 583 | |a last modification |c 20190908 07:26:34 |k Rodrigo Vera | ||
| 650 | 0 | 7 | |a PALTOS PROPAGACION DE PALTAS |2 CL-VaPUC |9 621636 |
| 650 | 0 | 7 | |a PALTAS PORTA INJERTOS |2 CL-VaPUC |9 621637 |
| 650 | 0 | 7 | |a PALTOS ENRAIZAMIENTO |2 CL-VaPUC |9 621638 |
| 650 | 0 | 7 | |a PALTOS ADAPTACION FISIOLOGICA |2 CL-VaPUC |9 621639 |
| 650 | 0 | 7 | |a PALTOS SALINIDAD |2 CL-VaPUC |9 621640 |
| 942 | |c BK | ||
| 945 | |a dcastane |d 20100610 00:00:00 | ||
| 546 | |a En Español | ||
| 536 | |a Universidad Católica de Valparaíso. Facultad de Agronomía | ||
| 518 | |p Seminario Internacional: Selección y uso de portainjertos y nuevas variedades de Palto, 1, Quillota, 3 de diciembre 2001 | ||
| 999 | |c 384559 |d 384557 | ||
| 952 | |0 0 |1 0 |4 0 |6 634_653000000000000_UNI_2002 |7 0 |8 A |9 507351 |a BIBAGR |b BIBAGR |d 2020-01-23 |i 4684303 |l 2 |o 634.653 UNI 2002 |p 4684303 |r 2025-01-20 |s 2024-06-18 |w 2020-01-23 |y BK |k AGR | ||